Последняя остановка: пер. с нем.

Bibliografske podrobnosti
Glavni avtor: Ремарк Э. М. Эрих Мария
Izvleček:"Последняя остановка" — единственная пьеса, написанная Ремарком. Благодаря напряженному и увлекательному сюжету, она была положена в основу нескольких успешных телепостановок и до сих пор не сходит с подмосток Германии. Сценарий "Последний акт" — яростная отповедь нацистскому режиму. Ремарк не щадит простых немцев, отговаривавшихся незнанием того, что происходило в их стране в реальности, или исполнением приказов. Приговор его прост и беспощаден: виновны все — и те, кто действовал, и те, кто молчал.
Jezik:ruščina
Izdano: Москва, АСТ, 2014
Serija:Возвращение с Западного фронта
Teme:
Format: Knjiga
KOHA link:https://koha.lib.tpu.ru/cgi-bin/koha/opac-detail.pl?biblionumber=289381

MARC

LEADER 00000nam0a2200000 4500
001 289381
005 20231102000201.0
010 |a 9785170759637 
035 |a (RuTPU)RU\TPU\book\313886 
090 |a 289381 
100 |a 20150401d2014 m y0rusy50 ca 
101 1 |a rus  |c ger 
102 |a RU 
105 |a y z 000ay 
200 1 |a Последняя остановка  |e пер. с нем.  |f Э. М. Ремарк 
210 |a Москва  |c АСТ  |d 2014 
215 |a 316 с. 
225 1 |a Возвращение с Западного фронта 
330 |a "Последняя остановка" — единственная пьеса, написанная Ремарком. Благодаря напряженному и увлекательному сюжету, она была положена в основу нескольких успешных телепостановок и до сих пор не сходит с подмосток Германии. Сценарий "Последний акт" — яростная отповедь нацистскому режиму. Ремарк не щадит простых немцев, отговаривавшихся незнанием того, что происходило в их стране в реальности, или исполнением приказов. Приговор его прост и беспощаден: виновны все — и те, кто действовал, и те, кто молчал. 
606 1 |a Немецкая литература  |2 stltpush  |3 (RuTPU)RU\TPU\subj\45368  |9 64612 
610 1 |a проза 
610 1 |a пьесы 
610 1 |a сценарии 
675 |a 83  |v 4 
700 1 |a Ремарк  |b Э. М.  |c немецкий писатель  |f 1898-1970  |g Эрих Мария  |2 stltpush  |3 (RuTPU)RU\TPU\pers\1594  |9 686 
801 1 |a RU  |b 63413507  |c 20150401 
801 2 |a RU  |b 63413507  |c 20150810  |g RCR 
942 |c BK 
959 |a 29/20150330  |d 1  |e 249,20  |f ХФ:1